<?xml version="1.0" encoding="UTF-8"?>
<marc:record xmlns:marc="http://www.loc.gov/MARC21/slim">
   <marc:leader>00000nam a2200000 a 4500</marc:leader>
   <marc:datafield ind1=" " ind2=" " tag="653">
      <marc:subfield code="a">Wörterbuch</marc:subfield>
   </marc:datafield>
   <marc:datafield ind1=" " ind2=" " tag="653">
      <marc:subfield code="a">Duden</marc:subfield>
   </marc:datafield>
   <marc:datafield ind1=" " ind2=" " tag="653">
      <marc:subfield code="a">Stil</marc:subfield>
   </marc:datafield>
   <marc:datafield ind1="0" ind2="0" tag="245">
      <marc:subfield code="a">Stilwörterbuch der deutschen Sprache</marc:subfield>
   </marc:datafield>
   <marc:datafield ind1="0" ind2="0" tag="245">
      <marc:subfield code="b">die Verwendung der Wörter im Satz</marc:subfield>
   </marc:datafield>
   <marc:datafield ind1=" " ind2="1" tag="264">
      <marc:subfield code="c">1988</marc:subfield>
   </marc:datafield>
   <marc:datafield ind1="1" ind2=" " tag="490">
      <marc:subfield code="a">Der Duden</marc:subfield>
   </marc:datafield>
   <marc:datafield ind1="1" ind2=" " tag="520">
      <marc:subfield code="a">Das Stilwörterbuch des Duden mit seinen Funktionen, Wörter grammatikalisch und stilistisch einzuordnen und dem Benutzer Informationen über das Wortumfeld zu vermitteln sowie feste Wendungen des Sprachgebrauchs aufzuzeigen, enthält wohl knapp 10000 Haupteinträge mit mehr als 100000 Satzbeispielen, Wendungen, Redensarten und Sprichwörtern. Im Vergleich zur 6. Auflage (1971, BA 284, 219) ist die Erweiterung in bezug auf den Umfang nur geringfügig; Veränderungen beziehen sich weniger auf die Auswahl der Haupteinträge als auf die Angaben zu den Wörtern. Dabei betrifft die Aktualisierung nahezu alle Bereiche: von der stilistischen Einordnung des Worts bis hin zur Eliminierung/Hinzufügung von Beispielen. Die Veränderungen sind jedoch nicht so gewichtig, als dass die 6. Auflage gelöscht werden müsste. (2 A, S)</marc:subfield>
   </marc:datafield>
   <marc:datafield ind1="3" ind2=" " tag="024">
      <marc:subfield code="a">341120902X</marc:subfield>
   </marc:datafield>
</marc:record>
